ਤੀਸਰਾ ਤੀਰਥ (Record no. 110862)
[ view plain ]
| 000 -LEADER | |
|---|---|
| fixed length control field | 01016nam a22002537a 4500 |
| 005 - DATE AND TIME OF LATEST TRANSACTION | |
| control field | 20170123164158.0 |
| 010 ## - LIBRARY OF CONGRESS CONTROL NUMBER | |
| LC control number | B-124268 |
| 020 ## - INTERNATIONAL STANDARD BOOK NUMBER | |
| Terms of availability | 150.00 |
| International Standard Book Number | 8171680186 |
| 035 ## - SYSTEM CONTROL NUMBER | |
| System control number | B-124268 |
| 037 ## - SOURCE OF ACQUISITION | |
| Source of stock number/acquisition | Cen Lib/Ret |
| 040 ## - CATALOGING SOURCE | |
| Original cataloging agency | DPL |
| Language of cataloging | PN |
| 082 ## - DEWEY DECIMAL CLASSIFICATION NUMBER | |
| Classification number | 920 |
| Edition number | ਸੂਰੀਅ |
| 100 ## - MAIN ENTRY--PERSONAL NAME | |
| Personal name | ਸੂਰੀ, ਅਤ੍ਤਾਰ੍ਜਿਤ ਕੌਰ |
| 9 (RLIN) | 131991 |
| 245 ## - TITLE STATEMENT | |
| Title | ਤੀਸਰਾ ਤੀਰਥ |
| Statement of responsibility, etc | ਧਰਮਪਾਲ ਸਿੰਗਲ |
| 246 ## - VARYING FORM OF TITLE | |
| Title proper/short title | Teesra teerath : pen sketches of some eminent persons / |
| Remainder of title | by Attarjit Kaur Suri |
| 260 ## - PUBLICATION, DISTRIBUTION, ETC. (IMPRINT) | |
| Place of publication, distribution, etc | ਅੰਮ੍ਰਿਤਸਰ |
| Name of publisher, distributor, etc | ਲੇਕ ਸਾਹਿਤ ਪ੍ਰਕਾਸ਼ਨ |
| Date of publication, distribution, etc | 2005 |
| 270 ## - ADDRESS | |
| Address | 186, ਗੀ੍ਲ ਔਵੀਨਿਊ |
| City | ਅੰਮ੍ਰਿਤਸਰ |
| Postal code | 143001 |
| 300 ## - PHYSICAL DESCRIPTION | |
| Extent | 114p |
| Dimensions | 21cm |
| 650 ## - SUBJECT ADDED ENTRY--TOPICAL TERM | |
| Topical term or geographic name as entry element | Biography -- 20th century. |
| 9 (RLIN) | 95396 |
| 650 ## - SUBJECT ADDED ENTRY--TOPICAL TERM | |
| Topical term or geographic name as entry element | ਜੀਵਨੀ - 20 ਸਦੀ. |
| 9 (RLIN) | 131992 |
| 650 ## - SUBJECT ADDED ENTRY--TOPICAL TERM | |
| Topical term or geographic name as entry element | Indian Culture |
| 9 (RLIN) | 3853 |
| 650 ## - SUBJECT ADDED ENTRY--TOPICAL TERM | |
| Topical term or geographic name as entry element | ਭਾਰਤੀ ਸਭਿਆਚਾਰ |
| 9 (RLIN) | 131993 |
| 942 ## - ADDED ENTRY ELEMENTS (KOHA) | |
| Source of classification or shelving scheme | Dewey Decimal Classification |
| Koha item type | Punjabi Bks |
| Classification part | 920 |
| Call number suffix | ਸੂਰੀਅ |
| Withdrawn status | Lost status | Damaged status | Not for loan | Home library | Current library | Date acquired | Source of acquisition | Cost, normal purchase price | Total Checkouts | Full call number | Barcode | Date last seen | Date checked out | Copy number | Cost, replacement price | Price effective from | Koha item type |
|---|---|---|---|---|---|---|---|---|---|---|---|---|---|---|---|---|---|
| Central Library | Central Library | 09/02/2016 | Cen Lib/Ret | 150.00 | 1 | 920 ਸੂਰੀਅ | B-124268 | 10/02/2022 | 27/01/2022 | 1 | 150.00 | 09/02/2016 | Punjabi Bks |
